Statistiques concernant Disney paroles - Au bout du rêve (La Princesse et la Grenouille)

Cliquez ici pour prendre le quiz!

Statistiques générales

  • Ce quiz a été pris 583 fois
  • Le résultat moyen est 165 sur 188

Statistiques - réponses

Réponse% Correct
à
99%
Au
98%
au
98%
bout
98%
de
98%
Je
98%
je
98%
le
98%
rêve.
98%
rêve,
98%
du
97%
mon
97%
J'irai
96%
j'irai
96%
pas
95%
la
94%
n'ai
93%
temps.
93%
temps
93%
des
92%
perdre
92%
me
91%
faire.
90%
les
90%
maman,
90%
Et
89%
et
89%
J'ai
89%
plus
89%
si
89%
Si
89%
Cette
88%
cette
88%
choses
88%
sur
87%
vais
87%
encore
86%
est
86%
l'avant.
86%
terre.
86%
trop
86%
il
85%
montagnes,
85%
ne
85%
Oh
85%
85%
sais
85%
soulève.
85%
toujours
85%
urgent
85%
vie
85%
jour
84%
jour.
84%
Y'a
84%
que
83%
relève.
83%
travail
83%
lentement.
82%
pour
82%
s'écoule
82%
tranquille,
82%
comme
81%
Comme
81%
danser.
81%
rencontre
81%
un
81%
bataille.
80%
gagner
80%
père :
80%
Alors
79%
depuis
79%
tombe
79%
tu
79%
c'est
78%
C'est
78%
disait
78%
longtemps.
78%
Mais
78%
ville
78%
chaque
77%
matin
77%
moi
76%
suffit
76%
tellement
76%
mets
75%
oui
75%
suis
75%
tour !
75%
avec
74%
fais
74%
réussiras
74%
rien
74%
amour.
73%
grand
73%
pourra
73%
ça
72%
m'arrêter
72%
tout
72%
fait
71%
monde
71%
erreurs.
70%
parfaite.
70%
tes
70%
bientôt
69%
sans
69%
travaillerai
67%
N'épargne
66%
qu'un
66%
efforts
64%
trêve.
63%
sommet
36%
j'atteins
35%

Distribution des résultats

Percentile par nombre de réponses

% des personnes avec chaque résultat

Votre développement - résultats

Vous n’avez pas pris ce quiz